| 000 | 00955nac a22002657a 4500 | ||
|---|---|---|---|
| 001 | BR7602062 | ||
| 003 | BR-BrBNA | ||
| 005 | 20240105113936.0 | ||
| 008 | 230509b bl.|||m| |||| 00| 0 por d | ||
| 040 |
_aBR-BrBNA _bpor _cBiblioteca Nacional de Agricultura |
||
| 072 | _aE50 | ||
| 090 | _aE50 BR7602062 | ||
| 100 | 1 | _aDillon, J.L. | |
| 100 | 1 | _aScandizzo, P.L. | |
| 110 | 1 | _aUniversidade Federal do Ceara, Fortaleza (Brasil). Centro de Ciencias Agrarias. Depto. de Economia Agricola | |
| 245 | 1 | _aAtitudes dos agricultores nordestinos de subsistencia em relacao ao risco. Abordagem amostral [Brasil] | |
| 260 | 3 |
_aFortaleza, CE (Brasil): _c1976. |
|
| 300 | _a26 p. | ||
| 490 |
_aSerie Pesquisa - Universidade Federal do Ceara. Centro de Ciencias Agrarias (Brazil) _vno. 17 _x |
||
| 500 | _a6 tables; 37 ref. | ||
| 650 | _aSociologia rural | ||
| 650 | _aNordeste | ||
| 909 |
_a202312 _bLúcia Elande _c55 _dLúcia Elande |
||
| 942 |
_2AGRIS _n0 _cMS |
||
| 999 |
_c266480 _d266480 |
||